000 01289cim a2200313 a 4500
001 1671
005 20231204082750.0
020 _a9780399242571
040 _aCPP
_cCPP
_dOCLCQ
_dOCL
_dIHI
_dBAKER
_dDLC
_beng
050 0 0 _aPZ7.T2134
082 _a823.92
100 1 _aTaylor, G. P.
245 1 0 _aWormwood /
_cG.P. Taylor
250 _aFirst American edition published in 2004
260 _aNew York :
_bPenguin young Reader Group,
_c2004
300 _a259 pages :
_billustrations, maps
_c25 cm
500 _aAn unabridged recording of the book read by Davina Porter.
500 _aCompact discs.
505 _aZ
520 _aIn 1756, as a deadly comet hurtles toward London, Dr. Sabian Blake and his fourteen-year-old housemaid, Agetta, struggle against dark forces that seek an ancient, powerful book in Blake's possession that would enable them to carry out an evil plan in which Agetta unknowingly plays a pivotal role.
521 _a920
_bLexile
521 _aZ
_bRaz-Plus
650 0 _aSupernatural
_vJuvenile sound recordings.
650 0 _aComets
_vJuvenile sound recordings.
650 0 _aCabala
_vJuvenile sound recordings.
650 0 _aAstronomy
_vJuvenile sound recordings.
906 _a7
_bcbc
_ccopycat
_d2
_encip
_f20
_gy-genmusic
942 _2ddc
_cBK
_n0
999 _c1671
_d1671